000 00530nam a2200193Ia 4500
999 _c55988
_d55988
003 0100
005 20190109105659.0
008 130303s9999 xx 000 0 und d
040 _cARRUPELIB
050 _aGN480.R3 1950
245 _aAfrican systems of kinship and marriage
_cedited by A.R. Radcliffe-Brown and Daryll Forde
260 _aLondon
_bOxford University Press
_c1976
300 _aviii, 399p. ;
_c23cm.
700 _a Forde,Cyril Daryll (ed.)
_917006
942 _2lcc
_cMONOGRAPH